000 00329nam a2200145Ia 4500
008 221030s9999 xx 000 0 und d
041 _aEnglish
082 _a105.23
100 _aL. R. Hubbard
245 0 _aScience of Survival
260 _bNew Era Pub.
_aCalifornia
_c2007
300 _a729
650 _aGeneral
942 _cBK
999 _c6277
_d6277